| 000 | 00493nam a2200169 i 4500 | ||
|---|---|---|---|
| 001 | 52552 | ||
| 003 | ES-MaACL | ||
| 005 | 20230906162613.0 | ||
| 007 | t| | ||
| 008 | 030901s1972 sp ||||1| spa d | ||
| 100 | 1 |
_aCh'eng-en, Wu. _937714 |
|
| 245 | 1 | 0 |
_aMaravillosas historias de la vieja China / _cWu Ch'eng-en ; [versión J.L. Gómez]. |
| 260 |
_aBarcelona : _bPetronio, _c[1972] |
||
| 300 |
_a383 p. ; _c21 cm. |
||
| 700 | 1 |
_aGómez, J. L. _957767 |
|
| 852 |
_aES-MaACL _jC-43154 _bR.81976 |
||
| 999 |
_c52552 _d52552 |
||